Robin dos Bosques (Registo nº 4369)

Detalhes MARC
000 -Etiqueta do registo
Cabeçalho 00696nam0a2200241 4500
005 - Identificador da versão
Campo de controlo 20240813122059.0
010 ## - Número internacional normalizado dos livros (ISBN)
Número (ISBN) 9722614045
100 ## - Dados gerais de processamento
Dados gerais de processamento 20170309d1997 a y0pory5003 ba
102 ## - Pais de publicação ou produção
País de publicação Portugal
101 1# - Língua de publicação
Língua do texto, banda sonora, etc. Português
Língua do documento no original Inglês
215 ## - Descrição física 
Indicação específica da natureza do documento e extensão da espécie 64 p.
Outras indicações físicas il. color
200 1# - Titulo e menção de responsabilidade
Título próprio Robin dos Bosques
Primeira menção de responsabilidade Neil Philip
Outras menções de responsabilidade il. por Nick Harris
225 1# - Colecção 
Título próprio da colecção Descobrir os clássicos
210 ## - Publicação, Distribuição, etc. 
Lugar da edição, distribuição, etc. [Porto]
Nome do editor, distribuidor, etc. Civilização
Data da publicação, distribuição, etc. cop. 1997
606 ## - Nome comum usado como assunto
Número de registo de entrada de autoridade 0001536
Palavra de ordem Literatura inglesa
Subdivisão de assunto Romances de aventuras
Código do sistema CA
675 ## - Classificação Decimal Universal (CDU)
Notação 821.111-311.3
Edição 3ª ed.
Língua da edição por
702 #1 - Nome de autor-pessoa física (responsabilidade secundária)
Número de registo de entrada de autoridade 0001734
Palavra de ordem Harris
Outra parte do nome não tomada para palavra de ordem Nick
Código de função Ilustrador / Técnico de desenho computorizado
700 #1 - Nome de autor-pessoa física (responsabilidade principal)
Número de registo de entrada de autoridade 0001164
Palavra de ordem Philip
Outra parte do nome não tomada para palavra de ordem Neil
966 ## - Identificação da Biblioteca
Sigla EBVEN
942 ## - Elementos de entrada adicionados (Koha)
Tipo de item no Koha Livro
Exemplares
Situação do levantamento Origin of item (home branch) (coded) Biblioteca de empréstimo Código de barras Cota Circulation type (not for loan) Tipo de documento Nota do exemplar Damaged status
  Biblioteca Escolar das Vendas Biblioteca Escolar das Vendas BEV136 8EST PHI   Livro Sem mensagem